000
00217 a2200097 4500
001
12732
100
_a
Sultan Khan
245
_a
Pakistan,Past, Present and Future
260
_a
_b
Famous Books
_c
090
_c
9731
_d
9731
942
_a
NUST-CAE
_c
M
_c
36635
999
_c
247805
_d
247805